000 00681cab a2200217 4500
001 WB3336-06
008 090401t1997 xxu||||| |||| 00| 0 eng d
035 _a(Sirsi) u80902
041 _aeng
245 _aBusiness is booming for serviced offices
260 _c1997
350 _a0
490 _aEvening Standard
_v12 September 1997, 36(1)
520 _aServiced offices are becoming more popular as companies realise the benefits of the flexibility of temporary office space.
650 _aBUSINESS CENTRES
650 _aLONDON
650 _aSERVICED OFFICES
690 _aPROPERTY-COMMERCIAL PROPERTY-COMMERCIAL PROPERTY MARKET
942 _n0
948 _c16/09/1997
999 _c50948
_d50948